| 000 | 00855nab a2200253 4500 | ||
|---|---|---|---|
| 003 | BR-BrBNA | ||
| 005 | 20240814155932.0 | ||
| 008 | 240721b bl.||||| |||| 00| 0 por d | ||
| 040 |
_aBR-BrBNA _bpor |
||
| 072 | _aE14 ; F01 ; E40 | ||
| 100 | _aShasmylla, Shelsea | ||
| 245 |
_aCerrado de ouro está ficando verde _bHortifrutigranjeiros |
||
| 500 | _a3 illus. | ||
| 650 | _aPROJETO AGRÍCOLA | ||
| 650 | _aOLERICULTURA | ||
| 650 | _aFRUTICULTURA | ||
| 650 | _aPRODUÇÃO AGRÍCOLA | ||
| 650 | _aASSOCIAÇÃO | ||
| 650 | _aCOOPERATIVA | ||
| 650 | _aLESTE DO TOCANTINS | ||
| 773 | 0 |
_04604 _9317188 _dPalmas - Tocantins Terranova Gráfica e Editora Jornalística Ltda 2005 _o 2024-3812 _tCerrado Rural Agronegócios (Brazil) _x1980-2595 _gv. 3(17) p. 31-32; (May 2006) _wBR2024001983 |
|
| 942 | _cAnalítica | ||
| 999 |
_c300604 _d300604 |
||